000 02463nam0a2200373 i 4500
001 RU\NLR\BIBL_A\011351126
005 20260426063031.0
010 _a9785945241671
_9250
021 _aRU
_b2017-12805
_9943
035 _a(RuMoRGB)008806431
035 _a(NLR Aleph) 011351126
090 _a11245725
_c11245725
100 _a20170322d2016 u y0rusy50 ca
101 0 _arus
102 _aRU
105 _ay|||j|||000zy
200 1 _aПрофессиональные нейротоксикозы
_eучебное пособие
_fФедеральное бюджетное учреждение науки "Уфимский научно-исследовательский институт медицины труда и экологии человека", Государственное бюджетное образовательное учреждение высшего профессионального образования "Башкирский государственный медицинский университет" Министерства здравоохранения Российской Федерации, Институт дополнительного профессионального образования
_g[сост.: к.м.н. Алакаева Р.А. и др.]
210 _aУфа
_cДиалог
_cИзд-во ГБОУ ВПО БГМУ Минздрава России
_d2016
215 _a71 с.
_d21
320 _aБиблиогр.: с. 71 (9 назв.)
606 1 _aПрофессиональные нейротоксикозы
_jУчебные издания для последипломного образования
_91721304
_3RU\NLR\AUTH\66768145
606 1 _aПрофессиональные нейротоксикозы
_jУчебные издания для последипломного образования
_xМедико-социальная экспертиза
_92323051
_3RU\NLR\AUTH\6601614339
686 _aР124.432я77-1
_2rubbk
686 _aР284.126я77-1
_2rubbk
686 1 _aР284.262я77
686 1 _aР124.432я77
686 1 _aР11(2)339.41,7я77
702 1 _aАлакаева
_bР. А.
_gРаиса Арслановна
_4220
712 0 2 _4570
_aУфимский НИИ медицины труда и экологии человека
_3RU\NLR\AUTH\889943090
_9381288
942 _cBOOK
980 _aNBR